<?xml version="1.0" encoding="UTF-8"?><?xml-stylesheet type="text/xsl" href="static/style.xsl"?><OAI-PMH xmlns="http://www.openarchives.org/OAI/2.0/" xmlns:xsi="http://www.w3.org/2001/XMLSchema-instance" xsi:schemaLocation="http://www.openarchives.org/OAI/2.0/ http://www.openarchives.org/OAI/2.0/OAI-PMH.xsd"><responseDate>2026-04-13T07:29:23Z</responseDate><request verb="GetRecord" identifier="oai:www.recercat.cat:2117/110622" metadataPrefix="marc">https://recercat.cat/oai/request</request><GetRecord><record><header><identifier>oai:recercat.cat:2117/110622</identifier><datestamp>2025-07-23T06:21:55Z</datestamp><setSpec>com_2072_1033</setSpec><setSpec>col_2072_452951</setSpec></header><metadata><record xmlns="http://www.loc.gov/MARC21/slim" xmlns:dcterms="http://purl.org/dc/terms/" xmlns:xsi="http://www.w3.org/2001/XMLSchema-instance" xmlns:doc="http://www.lyncode.com/xoai" xsi:schemaLocation="http://www.loc.gov/MARC21/slim http://www.loc.gov/standards/marcxml/schema/MARC21slim.xsd">
   <leader>00925njm 22002777a 4500</leader>
   <datafield ind2=" " ind1=" " tag="042">
      <subfield code="a">dc</subfield>
   </datafield>
   <datafield ind2=" " ind1=" " tag="720">
      <subfield code="a">Franch Garrigosa, Thor</subfield>
      <subfield code="e">author</subfield>
   </datafield>
   <datafield ind2=" " ind1=" " tag="260">
      <subfield code="c">2016-06</subfield>
   </datafield>
   <datafield ind2=" " ind1=" " tag="520">
      <subfield code="a">Quin és el millor model de recollida de residus per la ciutat de Barcelona des d’un punt de&#xd;
vista econòmic?&#xd;
Per respondre aquesta pregunta cal analitzar els diferents models de recollida de residus&#xd;
disponibles al mercat i avaluar-los econòmicament. S’han d’identificar les variables que&#xd;
intervenen en un compte d’explotació: despeses de personal, de funcionament i tractament&#xd;
de residus principalment.&#xd;
L’objectiu és poder comparar els diferents sistemes de recollida. Per tant, s’ha de&#xd;
desenvolupar una unitat de mesura anomenada Unitat Bàsica de Recollida (UBR) que és el&#xd;
cost per tona de residu recollida per cada sistema. Aquesta unitat serà la que permetrà poder&#xd;
fer comparacions.&#xd;
Com a punt de partida, s’estableixen unes condicions normals de treball, que pel cas en&#xd;
estudi són principalment les condicions per la ciutat de Barcelona.&#xd;
De seguida es pot concloure que el pes dels costos de tractament respecte els costos de&#xd;
recollida són molt elevats i per tant interessa augmentar els índex de recollida selectiva.&#xd;
L’altra gran conclusió és que en les condicions actuals de recollida selectiva, el millor sistema&#xd;
per la ciutat de Barcelona és el de càrrega lateral.&#xd;
Un cop analitzades aquestes dades, es respon a la següent pregunta: com varien els costos&#xd;
de cada sistema si varien les condicions normals de treball? Un dia menys de recollida,&#xd;
augment en els preus d’abocador, cost de personal, etc...&#xd;
La conclusió principal és que és recomanable un sistema de recollida porta a porta si&#xd;
s’augmenten els índex de recollida selectiva de manera significativa.</subfield>
   </datafield>
   <datafield tag="653" ind2=" " ind1=" ">
      <subfield code="a">Àrees temàtiques de la UPC::Informàtica::Llenguatges de programació</subfield>
   </datafield>
   <datafield tag="653" ind2=" " ind1=" ">
      <subfield code="a">Programming languages (Computers)</subfield>
   </datafield>
   <datafield tag="653" ind2=" " ind1=" ">
      <subfield code="a">Llenguatges de programació</subfield>
   </datafield>
   <datafield ind2="0" ind1="0" tag="245">
      <subfield code="a">Recollida de residus Sòlids Urbans d'origen domèstic a Barcelona. Avaluació dels diferents sistemes de gestió i el seu impacte econòmic</subfield>
   </datafield>
</record></metadata></record></GetRecord></OAI-PMH>